Guía para entrenamiento de promotores de lectura / (Registro nro. 14117)

Detalles MARC
000 -LIDER
fixed length control field 01136nam a2200313 i 4500
001 - NÚMERO DE CONTROL
Identificador de número de control 000017203
003 - IDENTIFICACDOR DE NÚMERO DE CONTROL
control field DO-SdBNP
005 - DATE AND TIME OF LATEST TRANSACTION
control field 20251107075234.0
007 - CAMPOS FIJOS DE DESCRIPCIÓN FÍSICA
fixed length control field ta
008 - ELEMENTOS DE LONGITUD FIJA
fixed length control field 100319s2007 dr a 001 0 spa d
040 ## - FUENTE DE CATALOGACIÓN
Agencia que crea de manera original el registro DO-SdBNP
Idioma de catalogación spa
Agencia que realiza la transcripción BPMSU
Convenciones de la despripción rda
082 #4 - NÚMERO DE CLASIFICACIÓN DECIMAL DE DEWEY
Classification number 028.9
Item number G861g 2007
Edition number 22
100 1# - ASIENTO PRINCIPAL -- NOMBRE PERSONAL
Nombre personal Grimaldi Silié, Eleanor,
Mención de responsabilidad autor
Fechas asociadas con el nombre 1948-
Término de relación aut.
100 z# - ASIENTO PRINCIPAL -- NOMBRE PERSONAL
Nombre personal Silié, Eleanor Grimaldi,
Fechas asociadas con el nombre 1948-
245 10 - MENCIÓN DE TITULO
Título Guía para entrenamiento de promotores de lectura /
Mención de responsabilidad Eleanor Grimaldi Silié ; corrección, Armando Almánzar Botello
264 #1 - PRODUCTION, PUBLICATION, DISTRIBUTION, MANUFACTURE, AND COPYRIGHT NOTICE
Place of production, publication, distribution, manufacture Santo Domingo, República Dominicana :
Name of producer, publisher, distributor, manufacturer Secretaría de Estado de Cultura,
Date of production, publication, distribution, manufacture, or copyright notice 2007.
300 ## - DESCRIPCIÓN FÍSICA
Extensión 89 páginas :
Otros detalles físicos ilustraciones ;
Dimensiones 23 cm.
336 ## - CONTENT TYPE
Content type term texto
Content type code txt
Source rdacontent
337 ## - MEDIA TYPE
Media type term sin mediación
Media type code n
Source rdamedia
338 ## - CARRIER TYPE
Carrier type term volumen
Carrier type code nc
Source rdacarrier
504 ## - NOTA DE BIBLIOGRAFÍA, ETC.
Bibliography, etc Bibliografía: páginas 82-89
590 ## - NOTA LOCAL
Texto de la nota local Inventariado, 2025/VM
650 #7 - ENCABEZAMIENTO DE MATERIA--TEMÁTICO
Término temático o nombre geográfico como elemento de entrada Promoción de la lectura
650 #7 - ENCABEZAMIENTO DE MATERIA--TEMÁTICO
Término temático o nombre geográfico como elemento de entrada Animación a la lectura
650 #7 - ENCABEZAMIENTO DE MATERIA--TEMÁTICO
Término temático o nombre geográfico como elemento de entrada Libros y lectura
700 1# - ASIENTO SECUNDARIO -- NOMBRE PERSONAL
Nombre personal Almánzar Botello, Armando,
Mención de responsabilidad corrector
Término de relación corr.
910 ## - VALIDACIÓN
Validación VMateo V. Control de Calidad. BPMSU
942 ## - ADDED ENTRY ELEMENTS (KOHA)
Source of classification or shelving scheme Dewey Decimal Classification
Koha item type Libros
Existencias
Withdrawn status Lost status Source of classification or shelving scheme Damaged status Not for loan Collection code Home library Current library Date acquired Total Checkouts Full call number Barcode Date last seen Price effective from Koha item type Copy number
    Dewey Decimal Classification     Colección Dominicana Biblioteca Pública Metropolitana Salomé Ureña Biblioteca Pública Metropolitana Salomé Ureña 11/07/2025   BPMSU CD 028.9 G861g 2007 BPMSU25110015 03/28/2022 03/28/2022 Libros  
    Dewey Decimal Classification     Colección Dominicana Biblioteca Pública Metropolitana Salomé Ureña Biblioteca Pública Metropolitana Salomé Ureña 11/07/2025   BPMSU CD 028.9 G861g 2007 BPMSU25110022 11/07/2025 03/28/2022 Libros e.2
    Dewey Decimal Classification     Colección Dominicana Biblioteca Pública Metropolitana Salomé Ureña Biblioteca Pública Metropolitana Salomé Ureña 11/07/2025   BPMSU CD 028.9 G861g 2007 BPMSU26050083 05/19/2026 03/28/2022 Libros e.3